000 00593nam a2200205 i 4500
001 105673
003 ES-MaACL
007 t|
008 060803s1962 ag ||||1| spa d
080 _a821.134.2(82)-31"19"
100 1 _aCodina, Iverna.
_939422
245 1 0 _aDetrás del grito /
_cIverna Codina.
260 _aBuenos Aires :
_bLosada,
_c[1962]
300 _a165 p. ;
_c21 cm.
490 1 _aNovelistas de nuestra época
500 _aBiblioteca Juan Andrade.
830 0 _aNovelistas de nuestra época
_9181054
852 _aES-MaACL
_jAND-489
_bR.109792
999 _c105673
_d105673